| 000 | 00872nam a22002177a 4500 | ||
|---|---|---|---|
| 008 | 090313t xxu||||| |||| 00| d eng d | ||
| 010 | _aENG-93205 | ||
| 020 |
_a9788190603617 _c150.00 |
||
| 035 | _aEN-76738 | ||
| 037 | _bDBAD / PUB | ||
| 040 |
_adpl _bEnglish |
||
| 082 | _a882 | ||
| 100 | _aAnuraag | ||
| 245 |
_a...etc.: _cby Anuraag _b(a trilogy of plays) / |
||
| 260 |
_aAjmer _bArawlii Publications _c2008 |
||
| 270 |
_a5-AII, Mayoor Colony, Alwar Gate, _bAjmer _e305008 |
||
| 300 |
_a96p. _c21cm (pbk) |
||
| 505 | _aThe promise : a one-by-one-upon-four act play (11-37p.); The next: a play in three scenes (39-62p.); The untitled: a play with a midword (63-96p.) | ||
| 942 |
_2ddc _cEN _mANU _h882 |
||
| 999 |
_c25205 _d25205 |
||